| 000 | 00862nam a2200193 a 4500 | ||
|---|---|---|---|
| 001 | BRCA_2149 | ||
| 005 | 20190320203704.0 | ||
| 008 | 130808s1992----mx-a---###---#000-0#spa-# | ||
| 050 | 4 |
_aF1391.P8 _b.L43 95 _c1992 |
|
| 100 | 1 |
_aRamírez Suárez, Carolina _96485 |
|
| 245 | 1 | 0 |
_aTejuan Titalnamikij...nosotros recordamos el pasado _breseña etno-histórica del municipio de Cuetzalan en el siglo XIX _cCarolina Ramírez Suárez, Gabriel Jaimez Ramírez, Pablo Valderrama Rouy. |
| 260 |
_aPuebla, México _bGobierno del Estado de Puebla : Secretaría de Cultura : Comisión Puebla V Centenario _c1992 |
||
| 300 |
_a69 p. _bil. _c21 cm. |
||
| 440 | 0 |
_aLecturas Históricas de Puebla _n95 _96486 |
|
| 651 | 4 |
_aPuebla (México) _xHistoria _ySiglo XIX _zCuetzalan _96487 |
|
| 700 | 1 |
_aJaimez Ramírez, Gabriel _96488 |
|
| 700 | 1 |
_aValderrama Rouy, Pablo _96489 |
|
| 942 |
_2lcc _cB |
||
| 999 |
_c1906 _d1906 |
||